Southville International School and Colleges
Your cart is empty.
  • Cart
  • Lists
    Public lists Eva Luna New books Lux_list list_1
    Your lists Log in to create your own lists
  • Log in to your account
  • Your cookies
  • Search history
Southville International School and Colleges
  • Advanced search
  • Recent comments
  • Most popular
  • Libraries

Log in to your account

Log in with GOOGLE


If you do not have an external account, but do have a local account, you can still log in:

  1. Home
  2. MARC view: Viewpoints :
Normal view MARC view ISBD view

Viewpoints : (Record no. 2190)

[ view plain ]
MARC details
000 -LEADER
fixed length control field 00542nam a22001937a 4500
003 - CONTROL NUMBER IDENTIFIER
control field OSt
005 - DATE AND TIME OF LATEST TRANSACTION
control field 20140310181726.0
008 - FIXED-LENGTH DATA ELEMENTS--GENERAL INFORMATION
fixed length control field 130308t xxu||||| |||| 00| 0 eng d
020 ## - INTERNATIONAL STANDARD BOOK NUMBER
International Standard Book Number 0858599732
050 ## - LIBRARY OF CONGRESS CALL NUMBER
Classification number N 7477
Item number .B199 2007
082 ## - DEWEY DECIMAL CLASSIFICATION NUMBER
Classification number IB 709.940904
Item number V67 2007
100 ## - MAIN ENTRY--PERSONAL NAME
Personal name Bamford, Anne
245 ## - TITLE STATEMENT
Title Viewpoints :
Remainder of title visual arts case studies /
Statement of responsibility, etc Anne Bamford.
260 ## - PUBLICATION, DISTRIBUTION, ETC. (IMPRINT)
Place of publication, distribution, etc Port Melbourne, Vic. :
Name of publisher, distributor, etc Heinemann,
Date of publication, distribution, etc 1998.
300 ## - PHYSICAL DESCRIPTION
Extent vi, 162 p. :
Other physical details ill. col. ;
Dimensions 28 cm.
650 ## - SUBJECT ADDED ENTRY--TOPICAL TERM
Topical term or geographic name as entry element Visual Arts
942 ## - ADDED ENTRY ELEMENTS (KOHA)
Source of classification or shelving scheme Library of Congress Classification
Koha item type Books
Holdings
Withdrawn status Lost status Source of classification or shelving scheme Damaged status Home library Current library Shelving location Date acquired Total Checkouts Total Renewals Full call number Barcode Date last seen Date checked out Copy number Price effective from Koha item type
    Library of Congress Classification   Luxembourg Library Luxembourg Library International Baccalaureate Section 03/08/2013 1 2 N 7477 .B199 2007 16058 12/20/2019 10/18/2019 1 10/03/2013 Books

Viewpoints :

APA

Bamford A., . (1998). Viewpoints. Port Melbourne, Vic: Heinemann.

Chicago

Bamford Anne, . 1998. Viewpoints. Port Melbourne, Vic: Heinemann.

Harvard

Bamford A., . (1998). Viewpoints. Port Melbourne, Vic: Heinemann.

MLA

Bamford Anne, . Viewpoints. Port Melbourne, Vic: Heinemann. 1998.

  • Place hold
  • Print
  • Cite
  • Add to your cart (remove)
  • Save record
    BIBTEX Dublin Core MARCXML MARC (non-Unicode/MARC-8) MARC (Unicode/UTF-8) MARC (Unicode/UTF-8, Standard) MODS (XML) RIS
  • More searches
    Search for this title in:
    Other Libraries (WorldCat) Other Databases (Google Scholar) Online Stores (Bookfinder.com) Open Library (openlibrary.org)

Exporting to Dublin Core...

SOUTHVILLE LIBRARY

Southville International School and Colleges Library

1281 Tropical Ave. Cor. Luxembourg St., BF Homes International, Las Pinas City

Tel. No. 8256374 / 252358 Loc. 117/146

Powered by Koha